000 00877 a2200217 4500
001 57288
005 20260407155835.0
008 260407a1957 arg spa d
003 AR-UNSa-BCEJYS
040 _aAR-UNSa-BCEJYS
_bspa
_cAR-UNSa-BCEJYS
080 _a331.2
_xSalarios. Sueldos. Remuneraciones
245 1 0 _aSalarios
250 _a3a. ed.
264 1 _aMéxico :
_bFondo de Cultura Económica
_c1957
300 _a143 p.
_c21 cm.
505 _aI. Sistema de salarios – II. Los salarios y el patrón de vida – III. El pago de los salarios – IV. Las teoría de los salarios – V. Los salarios y el poder de la contratación – VI. Diferencias de salarios – VII. El sindicalismo y los salarios – VIII. El estado y los salarios.
942 _cBK
590 _aniveau_biblio:m niveau_hierar:0
100 1 _aDobb, Maurice
700 1 _aMartínez Adame, Emigdio
999 _c6180
_d6180